| 000 | 00700cam a22002653a 4500 | ||
|---|---|---|---|
| 001 | 30718 | ||
| 003 | PGUSA | ||
| 005 | 20140828083650.0 | ||
| 008 | 091220s2009||||xxu|||||s|||||000 | eng d | ||
| 040 |
_aPGUSA _beng |
||
| 042 | _adc | ||
| 050 | 4 | _aBF | |
| 050 | 4 | _aBP | |
| 100 | 1 |
_aSteiner, Rudolf, _d1861-1925 |
|
| 245 | 1 | 3 |
_aAn Outline of Occult Science _h[electronic resource] / _cRudolf Steiner |
| 260 |
_bProject Gutenberg, _c2009 |
||
| 506 | _aPublic domain in the USA. | ||
| 516 | _aElectronic text | ||
| 653 | _aAnthroposophy | ||
| 653 | _aTheosophy | ||
| 653 | _aOccultism | ||
| 830 | 0 |
_aProject Gutenberg _v30718 |
|
| 856 | 4 | 0 | _uhttp://www.gutenberg.org/ebooks/30718 |
| 942 | _cEB | ||
| 999 |
_c259973 _d259973 |
||